| 000 | 00828nam a22002415i 4500 | ||
|---|---|---|---|
| 001 | 175579 | ||
| 003 | ES-MaACL | ||
| 005 | 20250804072418.0 | ||
| 008 | 101110s1992 sp |||| | spa d | ||
| 020 | _a84-206-1917-5 | ||
| 080 | _a821.133.1-14"18" | ||
| 100 | 0 |
_aBaudelaire, Charles. _926513 |
|
| 245 | 1 | 4 |
_aLas flores del mal / _cCharles Baudelaire ; versión española de Antonio Martínez Sarrión. |
| 250 | _a1ª ed. , 5ª reimp. | ||
| 260 |
_aMadrid : _bAlianza, _c1992. |
||
| 300 |
_a196, [12] p. ; _c18 cm. |
||
| 490 | 1 |
_aEl libro de bolsillo. Literatura ; _v917 |
|
| 594 | _aTít. original: Les fleurs du mal. | ||
| 700 | 0 |
_aMartínez Sarrión, Antonio, _d1939-2021 _978419 |
|
| 830 | 0 | 3 |
_aEl libro de bolsillo. _pLiteratura _v917 _9180913 |
| 852 |
_aES-MaACL _jE-13467 |
||
| 999 |
_c175579 _d175579 |
||